书目信息 |
| 题名: |
私人在法实现中的作用
|
|
| 作者: | 田中英夫 , 竹内昭夫 著 ;李薇 译 | |
| 分册: | ||
| 出版信息: | 北京 法律出版社 2006 |
|
| 页数: | 220页 | |
| 开本: | 21cm | |
| 丛书名: | 民商法经典 | |
| 单 册: | ||
| 中图分类: | D971.23 , D931.33 | |
| 科图分类: | ||
| 主题词: | 法制--对比研究--日本--美国 , 法制 | |
| 电子资源: | ||
| ISBN: | 7-5036-6202-6 | |
| 000 | 01134oam2 2200313 450 | |
| 001 | 003171635 | |
| 005 | 20070804111023.59 | |
| 010 | @a7-5036-6202-6@dCNY19.00 | |
| 100 | @a20060608d2006 em y0chiy0110 ea | |
| 101 | 1 | @achi@cjpn |
| 102 | @aCN@b110000 | |
| 105 | @ay z 000yy | |
| 200 | 1 | @a私人在法实现中的作用@9si ren zai fa shi xian zhong de zuo yong@f(日)田中英夫,(日)竹内昭夫著@g李薇译 |
| 210 | @a北京@c法律出版社@d2006 | |
| 215 | @a220页@d21cm | |
| 225 | 2 | @a民商法经典 |
| 300 | @a法学学术 | |
| 305 | @a通过Japan UNI Agency, Inc. Tokyo的联系,由东京大学出版社授权出版 | |
| 330 | @a本书包括律师的利用、当事人资格的扩大、行政机构对私人诉讼的援助、自力救助、损害赔偿等七个部分,从英美法和民商法的角度对日本和美国的法律制度进行了比较研究。 | |
| 461 | 0 | @12001 @a民商法经典 |
| 606 | 0 | @a法制@x对比研究@y日本@y美国 |
| 606 | 0 | @a法制 |
| 690 | @aD971.23@v4 | |
| 690 | @aD931.33@v4 | |
| 701 | 0 | @c(日)@a田中英夫@9tian zhong ying fu@f(1927~1992)@4著 |
| 701 | 0 | @c(日)@a竹内昭夫@9zhu nei zhao fu@f(1929~1996)@4著 |
| 702 | 0 | @a李薇@9li wei@c(女)@4译 |
| 801 | 0 | @aCN@bNLC@c20070804 |
| 905 | @a10447@dD931.33@e59 | |
| 私人在法实现中的作用/(日)田中英夫,(日)竹内昭夫著/李薇译.-北京:法律出版社,2006 |
| 220页;21cm.-(民商法经典) |
| 法学学术 |
| ISBN 7-5036-6202-6:CNY19.00 |
| 本书包括律师的利用、当事人资格的扩大、行政机构对私人诉讼的援助、自力救助、损害赔偿等七个部分,从英美法和民商法的角度对日本和美国的法律制度进行了比较研究。 |
| ● |
| 相关链接 |
|
|
|
|
正题名:私人在法实现中的作用
索取号:D931.33/59
 
预约/预借
| 序号 | 登录号 | 条形码 | 馆藏地/架位号 | 状态 | 备注 |
| 1 | 0804141 | 208041411 | 第一样本阅览室/ [索取号:D931.33/59] | 在馆 | |
| 2 | 0804142 | 208041420 | 第一借阅区/ [索取号:D931.33/59] | 在馆 | |
| 3 | 0804143 | 208041439 | 密集书库/ [索取号:D931.33/59] | 在馆 | |
| 4 | 0804144 | 208041448 | 第一借阅区/ [索取号:D931.33/59] | 在馆 | |
| 5 | 0804145 | 208041457 | 第一借阅区/ [索取号:D931.33/59] | 在馆 | |
| 6 | 0804146 | 208041466 | 密集书库/ [索取号:D931.33/59] | 在馆 | |
| 7 | 0804147 | 208041475 | 第一借阅区/ [索取号:D931.33/59] | 在馆 | |
| 8 | 0804148 | 208041484 | 第一借阅区/ [索取号:D931.33/59] | 在馆 | |
| 9 | 0804149 | 208041493 | 第一借阅区/ [索取号:D931.33/59] | 在馆 | |
| 10 | 0804150 | 208041509 | 密集书库/ [索取号:D931.33/59] | 在馆 |